| 000 | 00874nam a22002177a 4500 | ||
|---|---|---|---|
| 005 | 20180803170217.0 | ||
| 008 | 160201b2006 xxu|||||rm||| 00| 0 spa d | ||
| 040 |
_aCO-BoIAVH _cCO-BoIAVH |
||
| 041 | _aspa | ||
| 044 | _ack | ||
| 090 |
_aTE _b0172 |
||
| 100 | 1 | _aGarcia, Nestor | |
| 245 | 1 |
_aPatrones de Cosecha Sostenible de Bejuco, (Tripeperro Philodendron) SP., Araceae en el Municipio de Finlandia Quindio _bLinea de Manejo y Conservación de Vida Silvestre |
|
| 260 |
_aBogotá: _bUniversidad Nacional de Colombia, Departamento de biología Facultad de ciencias ambientales , _c2006. |
||
| 300 | _a21 Paginas | ||
| 502 | _aTesis (Posgrado en Ciencias Biológicas) Universidad Nacional de Colombia | ||
| 650 | 6 |
_aArtesanos de bejuco _zFilandia (Quindio) |
|
| 650 | 6 | _aCosecha | |
| 650 | 6 | _aTécnicas de muestreo | |
| 942 |
_2z _cTESIS _01 |
||
| 999 |
_c18074 _d18074 |
||